1558 1018 1639 1023 1067 1571 1924 1914 1382 1612 1319 1036 1919 1091 1457 1963 1094 1943 1676 1962 1774 1764 1799 1993 1182 1515 1292 1791 1496 1357 1461 1969 1301 1289 1879 1720 1783 1349 1160 1764 1946 1844 1830 1449 1518 1279 1126 1534 1160 1404 1073 1691 1608 1439 1381 1110 1481 1565 1590 1636 1821 1086 1164 1375 1444 1363 1904 1374 1093 1279 1016 1802 1345 1807 1381 1042 1358 1148 1750 1847 1302 1711 1263 1717 1900 1832 1386 1412 1000 1666 1662 1583 1838 1541 1255 1781 1597 1764 1577 BCNSPRNW ULIB Ver.6.0+V

เปลี่ยนเป็นภาษาไทย

Change to English
 แสดงรายละเอียดบรรณานุกรม
  กลับหน้าหลัก

Brief Record : Get Marc (ISO 2709) : E-mail record : QR code < ปิดหน้าต่าง
LEADER : 00000nam 2200000uu 4500
001    13399111435
003     ULIB
008    110627s||||||||th 000 0 tha d
020    9786165020688
090    นว.^bบ942ส 2554
100 0  ใบบัว
245 00 สวรรค์เถื่อน/^cใบบัว
250    พิมพ์ครั้งที่ 2
260    กรุงเทพฯ :^bSugar Beat,^c2554
300    439 หน้า
945    ^p270^l0^i030183
995    ทศพร
999 ^a ใช้งานได้ทุกระบบ
รายการนี้ยังไม่มีแท็ก
คุณยังไม่ได้ล็อกอิน คุณสามารถมีกิจกรรมร่วมกับเว็บไซต์ได้ แต่ต้องล็อกอินก่อน ::
  ล็อกอิน

รายการสื่อสารสนเทศ

ลำดับที่ ประเภท เลขเรียก/บาร์โค้ด สถานที่ สถานะ
- ไม่พบข้อมูล -

BibComment


ยังไม่เคยถูกคอมเมนท์

คอมเมนท์ทรัพยากรรายการนี้
  คอมเมนท์: สวรรค์เถื่อน ใบบัว


 Copyright 2026. Bcnsprnw @Library